000 00546nam a22002057a 4500
003 OSt
005 20140310181943.0
008 130724t xxu||||| |||| 00| 0 eng d
020 _a0812544048
050 _aPR 4558
_b.D548 1998
082 _aCLA
_bD55d 1998
100 _aDickens, Charles
_93381
245 _aDavid Copperfield /
_cCharles Dickens.
260 _aNew York :
_bTom Doherty Associates,
_cc1998.
300 _a1001 p. :
_c17 cm.
541 _j1
562 _e1
650 _aClassics.
_92808
942 _2lcc
_cBBK
_kCLA
999 _c7708
_d7708